[Event "Pan American Intercollegiate-chT"]
[Site "Chess.com INT"]
[Date "2021.01.06"]
[Round "7"]
[White "Pao, Lucas Ping"]
[Black "Agrawal, Varun"]
[Result "0-1"]
[WhiteElo "1964"]
[BlackElo "1168"]
[PlyCount "132"]
[EventDate "2021.01.04"]
[EventType "team-swiss (rapid)"]
[EventRounds "9"]
[EventCountry "USA"]
[SourceTitle "CBM 200 Extra"]
[Source "ChessBase"]
[SourceDate "2021.03.31"]
[SourceVersion "1"]
[SourceVersionDate "2021.03.31"]
[SourceQuality "1"]
[WhiteTeam "Harvard"]
[BlackTeam "Washington Univ"]
[WhiteTeamCountry "USA"]
[BlackTeamCountry "USA"]

1. e4 c6 2. d4 d5 3. exd5 cxd5 4. Bd3 Nc6 5. c3 Nf6 6. Bf4 Bg4 7. Nf3 e6 8. Nbd2 Bd6 9. Bxd6 Qxd6 10. 0-0 0-0 11. Re1 Rfe8 12. Qb3 Nd7 13. Qc2 h6 14. h3 Bxf3 15. Nxf3 e5 16. dxe5 Ndxe5 17. Nxe5 Rxe5 18. Qd2 Rae8 19. Rxe5 Nxe5 20. Bb5 Re6 21. Rd1 a6 22. Bf1 Qb6 23. b3 Rd6 24. Qf4 Ng6 25. Qd4 Qxd4 26. Rxd4 Ne7 27. c4 Nf5 28. Rxd5 Rxd5 29. cxd5 Ne7 30. Bc4 Kf8 31. a4 Ke8 32. Kf1 Kd7 33. d6 Kxd6 34. Bxf7 Kc5 35. Ke2 Nc6 36. Ke3 Kb4 37. Kd2 Nd4 38. f4 Nxb3+ 39. Kc2 Nc5 40. Be8 Nxa4 41. g4 Nc5 42. h4 a5 43. g5 Ne6 44. f5 Nd4+ 45. Kb2 Nxf5 46. gxh6 gxh6 47. h5 b5 48. Bg6 Ng3 49. Ka2 a4 50. Kb2 Kc5 51. Ka3 Ne2 52. Be8 Nd4 53. Bg6 Nc6 54. Be8 Na5 55. Bg6 Nc4+ 56. Ka2 b4 57. Be8 a3 58. Kb3 Nd2+ 59. Ka2 Kd4 60. Bf7 Kc3 61. Bg8 Nc4 62. Ka1 b3 63. Bh7 Ne3 64. Bb1 Nd5 65. Be4 Nb4 66. Bb1 b2# 0-1

[Event "Pan American Intercollegiate-chT"]
[Site "Chess.com INT"]
[Date "2021.01.05"]
[Round "5"]
[White "McCoy, George Leo"]
[Black "Pao, Lucas Ping"]
[Result "1-0"]
[WhiteElo "1588"]
[BlackElo "1964"]
[PlyCount "81"]
[EventDate "2021.01.04"]
[EventType "team-swiss (rapid)"]
[EventRounds "9"]
[EventCountry "USA"]
[SourceTitle "CBM 200 Extra"]
[Source "ChessBase"]
[SourceDate "2021.03.31"]
[SourceVersion "1"]
[SourceVersionDate "2021.03.31"]
[SourceQuality "1"]
[WhiteTeam "Chicago Univ II"]
[BlackTeam "Harvard"]
[WhiteTeamCountry "USA"]
[BlackTeamCountry "USA"]

1. c4 c6 2. Qa4 Nf6 3. Nc3 d5 4. cxd5 Nxd5 5. Nf3 Nd7 6. d4 Nxc3 7. bxc3 Qc7 8. Qc2 Qa5 9. Bf4 e6 10. e4 Be7 11. Bd3 h6 12. 0-0 0-0 13. h3 c5 14. Rab1 a6 15. Rfd1 b5 16. d5 exd5 17. exd5 Bb7 18. Bh7+ Kh8 19. Bf5 Rfd8 20. Bxd7 Rxd7 21. Ne5 Rxd5 22. Nxf7+ Kg8 23. Qg6 Rf8 24. Nxh6+ Kh8 25. Nf7+ Kg8 26. Nh6+ Kh8 27. Rxd5 Bxd5 28. Nf5 Bf6 29. Qh5+ Kg8 30. Nh6+ gxh6 31. Qxd5+ Kh7 32. Qxc5 Qxa2 33. Rd1 Bg7 34. Be3 Qc2 35. Rd7 Kh8 36. Qc7 Qxc3 37. Qb7 Qe1+ 38. Kh2 Be5+ 39. g3 Bxg3+ 40. Kxg3 Qg1+ 41. Kh4 1-0

[Event "Biel ATO op 52nd"]
[Site "Biel"]
[Date "2019.07.26"]
[Round "5"]
[White "Pao, Lucas Ping"]
[Black "Kalbermatter, Philipp"]
[Result "1/2-1/2"]
[WhiteElo "1969"]
[BlackElo "1869"]
[PlyCount "113"]
[EventDate "2019.07.20"]
[EventType "swiss"]
[EventRounds "9"]
[EventCountry "SUI"]
[SourceTitle "EXT 2020"]
[Source "ChessBase"]
[SourceDate "2019.10.17"]
[SourceVersion "1"]
[SourceVersionDate "2019.10.17"]
[SourceQuality "1"]

1. e4 d5 2. Nc3 dxe4 3. Nxe4 Qd5 4. Ng3 Nf6 5. d4 Nc6 6. Nf3 Bg4 7. Be2 0-0-0 8. c3 e5 9. dxe5 Qxd1+ 10. Bxd1 Bxf3 11. Bxf3 Nxe5 12. Be2 Nd3+ 13. Bxd3 Rxd3 14. Be3 Rd7 15. Bd4 Bd6 16. 0-0-0 Bxg3 17. hxg3 Rd6 18. Rde1 Kd7 19. Re2 Re8 20. Rd2 Ree6 21. f3 h6 22. Rhd1 b6 23. b4 Kc8 24. Kb2 Kb7 25. Kb3 a6 26. c4 Kc8 27. a3 Kb7 28. a4 Rd7 29. c5 bxc5 30. Bxc5 Rxd2 31. Rxd2 Kc6 32. Bf8 Ne8 33. Kc4 Nd6+ 34. Bxd6 cxd6 35. b5+ axb5+ 36. axb5+ Kb6 37. Ra2 h5 38. Ra6+ Kb7 39. Rc6 Rg6 40. Kd5 Rxg3 41. Rxd6 Rxg2 42. Rd7+ Kb6 43. Rxf7 h4 44. Rf8 Rg5+ 45. Ke4 Rh5 46. Rb8+ Kc7 47. Ra8 h3 48. Ra1 Rxb5 49. Ra7+ Rb7 50. Ra2 Rb4+ 51. Kf5 Rh4 52. Rh2 Kd6 53. Kg5 Rh6 54. Kg4 Ke5 55. Kg3 Kf5 56. Rxh3 Rxh3+ 57. Kxh3 1/2-1/2

[Event "Biel ATO op 52nd"]
[Site "Biel"]
[Date "2019.07.23"]
[Round "2"]
[White "Bachofner, Stephan"]
[Black "Pao, Lucas Ping"]
[Result "1/2-1/2"]
[WhiteElo "1770"]
[BlackElo "1969"]
[PlyCount "83"]
[EventDate "2019.07.20"]
[EventType "swiss"]
[EventRounds "9"]
[EventCountry "SUI"]
[SourceTitle "EXT 2020"]
[Source "ChessBase"]
[SourceDate "2019.10.17"]
[SourceVersion "1"]
[SourceVersionDate "2019.10.17"]
[SourceQuality "1"]

1. f4 g6 2. Nf3 Bg7 3. g3 c5 4. c3 Nc6 5. d3 d6 6. Bg2 e6 7. e4 Nge7 8. Na3 0-0 9. 0-0 Rb8 10. Nc2 Qc7 11. Bd2 b5 12. Rb1 a5 13. b3 Ba6 14. c4 b4 15. Be3 Rfd8 16. Qe2 Qa7 17. Qf2 Qc7 18. Rfd1 Rbc8 19. d4 d5 20. cxd5 exd5 21. dxc5 dxe4 22. Ng5 Bd3 23. Bxe4 Bxc2 24. Qxc2 Nd4 25. Qc4 Nef5 26. Bxf5 Nxf5 27. Bf2 h6 28. Nf3 Bf8 29. Ne5 Rxd1+ 30. Rxd1 Bxc5 31. Bxc5 Qxc5+ 32. Qxc5 Rxc5 33. Rd8+ Kg7 34. Nc4 Ne7 35. Kf2 a4 36. Ke3 axb3 37. axb3 Kf6 38. g4 Nc6 39. Rc8 Ke6 40. Rc7 h5 41. gxh5 gxh5 42. Ke4 1/2-1/2

[Event "SUI-ch U16"]
[Site "Kreuzlingen"]
[Date "2016.06.30"]
[Round "2"]
[White "Goldie, Thomas"]
[Black "Pao, Lucas Ping"]
[Result "1-0"]
[WhiteElo "2171"]
[BlackElo "1976"]
[PlyCount "41"]
[EventDate "2016.06.30"]
[EventType "swiss"]
[EventRounds "7"]
[EventCountry "SUI"]
[SourceTitle "EXT 2017"]
[Source "ChessBase"]
[SourceDate "2016.10.25"]
[SourceVersion "1"]
[SourceVersionDate "2016.10.25"]
[SourceQuality "1"]

1. d4 c6 2. Nc3 d5 3. Qd3 Nf6 4. Bg5 Nbd7 5. Nf3 g6 6. e4 dxe4 7. Nxe4 Bg7 8. 0-0-0 0-0 9. h4 Qc7 10. h5 Re8 11. hxg6 fxg6 12. Qe3 Nxe4 13. Bc4+ e6 14. Qxe4 Nb6 15. Bb3 a5 16. c3 a4 17. Bc2 Bf8 18. Qh4 Nc4 19. Bxg6 hxg6 20. Qh8+ Kf7 21. Rh7+ 1-0

[Event "Belp op"]
[Site "Belp"]
[Date "2015.05.25"]
[Round "5"]
[White "Pao, Lucas Ping"]
[Black "Fleury, Joel"]
[Result "1-0"]
[WhiteElo "1869"]
[BlackElo "1586"]
[PlyCount "83"]
[EventDate "2015.05.23"]
[EventType "swiss"]
[EventRounds "5"]
[EventCountry "SUI"]
[SourceTitle "EXT 2016"]
[Source "ChessBase"]
[SourceDate "2015.10.08"]
[SourceVersion "1"]
[SourceVersionDate "2015.10.08"]
[SourceQuality "1"]

1. e4 c5 2. Nc3 Nc6 3. g3 d6 4. Bg2 g6 5. d3 Bg7 6. Be3 Nf6 7. h3 0-0 8. Qd2 Re8 9. Bh6 Bh8 10. Nge2 Bd7 11. 0-0 Rb8 12. f4 e6 13. g4 Ne7 14. Ng3 Bc8 15. f5 Nc6 16. Qf2 Bg7 17. Bxg7 Kxg7 18. Nce2 b5 19. g5 Nd7 20. f6+ Kh8 21. Qf4 e5 22. Qh4 Rg8 23. c3 Nf8 24. Nh1 Ne6 25. Nf2 a5 26. Ng4 b4 27. Nh6 Rf8 28. Nf5 bxc3 29. bxc3 Rb2 30. Neg3 Rc2 31. Rac1 Rxa2 32. Qh6 Rg8 33. Ne3 Nf4 34. Rf3 Nxd3 35. Rd1 Nf4 36. Rdf1 Ne2+ 37. Kh1 Nxg3+ 38. Rxg3 Rd2 39. Kg1 a4 40. Bf3 Ba6 41. Rg4 Qf8 42. Qxh7+ 1-0

[Event "Belp op"]
[Site "Belp"]
[Date "2015.05.23"]
[Round "2"]
[White "Kaesermann, Sirlei"]
[Black "Pao, Lucas Ping"]
[Result "0-1"]
[WhiteElo "1698"]
[BlackElo "1869"]
[PlyCount "140"]
[EventDate "2015.05.23"]
[EventType "swiss"]
[EventRounds "5"]
[EventCountry "SUI"]
[SourceTitle "EXT 2016"]
[Source "ChessBase"]
[SourceDate "2015.10.08"]
[SourceVersion "1"]
[SourceVersionDate "2015.10.08"]
[SourceQuality "1"]

1. e4 c5 2. Nf3 e6 3. Be2 a6 4. 0-0 Be7 5. c3 Nf6 6. d3 b5 7. Bg5 Bb7 8. Nbd2 d6 9. Ne1 0-0 10. f4 Nc6 11. Nef3 Qb6 12. Kh1 e5 13. fxe5 dxe5 14. Nh4 Nd7 15. Bxe7 Nxe7 16. Bg4 Nf6 17. Bh3 Bc8 18. Bf5 Rd8 19. Qe2 Bxf5 20. Nxf5 Ng6 21. g3 Ne8 22. Rad1 Nd6 23. Qg4 f6 24. Nf3 Nxf5 25. Qxf5 Ra7 26. Nh4 Ne7 27. Qg4 Rad7 28. Qe2 Qb7 29. Kg1 Rd6 30. Nf5 Nxf5 31. Rxf5 c4 32. Rf3 Qd7 33. d4 exd4 34. cxd4 Rxd4 35. Rxd4 Qxd4+ 36. Kg2 Qd2 37. Qxd2 Rxd2+ 38. Rf2 Rxf2+ 39. Kxf2 Kf7 40. Ke3 Ke6 41. Kd4 Kd6 42. g4 Kc6 43. h4 h6 44. h5 Kd6 45. a3 Kc6 46. e5 fxe5+ 47. Kxe5 Kc5 48. Kf5 b4 49. axb4+ Kxb4 50. Kg6 Kb3 51. Kxg7 Kxb2 52. g5 hxg5 53. h6 c3 54. h7 c2 55. h8Q c1Q 56. Qb8+ Ka1 57. Qg3 a5 58. Kg6 Qb2 59. Qe1+ Qb1+ 60. Qxb1+ Kxb1 61. Kxg5 a4 62. Kf4 a3 63. Ke3 a2 64. Kd2 a1Q 65. Kd3 Qe5 66. Kc4 Kc2 67. Kb4 Kd3 68. Kb3 Qb5+ 69. Ka3 Kc3 70. Ka2 Qb2# 0-1